[Event "Plovdiv BUL, 34th Tringov Mem"]
[Site "Plovdiv BUL"]
[Date "2012.01.30"]
[Round "2.7"]
[White "Benidze, Davit"]
[Black "Janchev, Petar"]
[Result "1-0"]
[WhiteElo "2516"]
[BlackElo "2119"]
[PlyCount "71"]
[EventDate "2012.01.29"]
[EventType "swiss"]
[EventRounds "9"]
[EventCountry "BUL"]

1. d4 Nf6 2. c4 e6 3. Nf3 c5 4. g3 cxd4 5. Nxd4 d5 6. Bg2 e5 7. Nc2 d4 8. O-O
Nc6 9. Nd2 Bg4 10. h3 Bf5 11. e4 Bd7 12. f4 h5 13. fxe5 Nxe5 14. Nf3 Nxf3+ 15.
Qxf3 Be6 16. e5 Nd7 17. Nxd4 Nxe5 18. Qe4 Bc5 19. Be3 Qd6 20. Nxe6 Bxe3+ 21.
Qxe3 Qxe6 22. Rxf7 Qxf7 23. Qxe5+ Qe7 24. Qb5+ Qd7 25. Re1+ Kd8 26. Qg5+ Kc8
27. Re7 Qd4+ 28. Kh2 h4 29. Bxb7+ Kb8 30. Bg2 a6 31. Rb7+ Kc8 32. Qf5+ Kd8 33.
Qa5+ Ke8 34. Qe1+ Kf8 35. Qe7+ Kg8 36. Qf7+ 1-0

[Event "Plovdiv BUL, 34th Tringov Mem"]
[Site "Plovdiv BUL"]
[Date "2012.01.30"]
[Round "2.8"]
[White "Ninov, Dayan"]
[Black "Antic, Dejan"]
[Result "0-1"]
[WhiteElo "2117"]
[BlackElo "2504"]
[PlyCount "88"]
[EventDate "2012.01.29"]
[EventType "swiss"]
[EventRounds "9"]
[EventCountry "BUL"]

1. Nf3 Nf6 2. c4 g6 3. g3 Bg7 4. Bg2 O-O 5. O-O c5 6. Nc3 Nc6 7. d4 cxd4 8.
Nxd4 Ng4 9. e3 d6 10. Nde2 Qa5 11. Bd2 Qh5 12. h3 Nge5 13. g4 Bxg4 14. hxg4
Nxg4 15. Re1 Nce5 16. Ng3 Qh2+ 17. Kf1 h5 18. Nh1 Nxc4 19. Qe2 Nxd2+ 20. Qxd2
e6 21. Red1 d5 22. Ne2 Rad8 23. Qb4 Bh6 24. Nd4 Bxe3 25. fxe3 Nxe3+ 26. Kf2
Qf4+ 27. Kg1 e5 28. Rd2 exd4 29. Qxd4 Qxd4 30. Rxd4 Nc2 31. Rad1 Nxd4 32. Rxd4
Rfe8 33. Kf2 b6 34. Ng3 Rc8 35. Rd2 d4 36. Ne4 Red8 37. b3 Kg7 38. Bf1 Rc1 39.
a4 f6 40. Bd3 h4 41. Kg2 Re8 42. Nd6 Ree1 43. Nb5 Rcd1 44. Rxd1 Rxd1 0-1

[Event "Plovdiv BUL, 34th Tringov Mem"]
[Site "Plovdiv BUL"]
[Date "2012.01.30"]
[Round "2.9"]
[White "Janev, Evgeni"]
[Black "Ibryamov, Ilhan"]
[Result "1-0"]
[WhiteElo "2503"]
[BlackElo "2115"]
[PlyCount "96"]
[EventDate "2012.01.29"]
[EventType "swiss"]
[EventRounds "9"]
[EventCountry "BUL"]

1. e4 e5 2. Nf3 Nc6 3. Bb5 a6 4. Bxc6 dxc6 5. Nc3 Bd6 6. d4 Qe7 7. dxe5 Bxe5 8.
Nxe5 Qxe5 9. Be3 Nf6 10. f3 Bd7 11. Qd2 O-O-O 12. Bd4 Qe7 13. O-O-O Be6 14. Qf2
b6 15. Qh4 Rhe8 16. g4 c5 17. Bxf6 Qxf6 18. Qxf6 gxf6 19. Rxd8+ Rxd8 20. h4 b5
21. a3 Bc4 22. Rh2 Rg8 23. Nd1 Kd7 24. Ne3 Be6 25. Rd2+ Ke7 26. Nd5+ Bxd5 27.
Rxd5 c4 28. Rh5 Rh8 29. Kd2 Kd6 30. Kc3 c6 31. a4 Ke6 32. a5 Ke7 33. Rc5 Kd6
34. Rf5 Ke7 35. Rh5 Ke6 36. b3 cxb3 37. cxb3 Ke7 38. g5 fxg5 39. hxg5 c5 40.
Rh6 c4 41. Rxa6 cxb3 42. Kxb3 Rd8 43. Rc6 Rd3+ 44. Rc3 Rd4 45. Rc5 Rd3+ 46. Kb4
Rxf3 47. a6 Rf1 48. Rxb5 Kd6 1-0

[Event "Plovdiv BUL, 34th Tringov Mem"]
[Site "Plovdiv BUL"]
[Date "2012.01.30"]
[Round "2.10"]
[White "Mladenov, Emil"]
[Black "Drenchev, Petar"]
[Result "0-1"]
[WhiteElo "2114"]
[BlackElo "2493"]
[PlyCount "58"]
[EventDate "2012.01.29"]
[EventType "swiss"]
[EventRounds "9"]
[EventCountry "BUL"]

1. e4 c5 2. g3 Nf6 3. Bg2 Nc6 4. Ne2 d5 5. exd5 Nxd5 6. d4 Bg4 7. dxc5 e6 8. h3
Bh5 9. O-O Bxc5 10. c3 O-O 11. g4 Bg6 12. Nf4 Nxf4 13. Bxf4 Bd3 14. Bc7 Qxc7
15. Qxd3 Rad8 16. Qe2 Qf4 17. Qf3 Qg5 18. b4 Bb6 19. a4 f5 20. a5 Bc7 21. Ra2
Ne5 22. Qxb7 Qf4 23. f3 Nc4 24. Re1 Qh2+ 25. Kf1 Bg3 26. Rf2 Bxf2 27. Kxf2 f4
28. Qe4 Qg3+ 29. Kf1 Ne3+ 0-1

[Event "Plovdiv BUL, 34th Tringov Mem"]
[Site "Plovdiv BUL"]
[Date "2012.01.30"]
[Round "2.11"]
[White "Kesidis, Odyseas"]
[Black "Miljkovic, Miroslav D"]
[Result "1-0"]
[WhiteElo "2108"]
[BlackElo "2491"]
[PlyCount "90"]
[EventDate "2012.01.29"]
[EventType "swiss"]
[EventRounds "9"]
[EventCountry "BUL"]

1. e4 c5 2. c3 Nf6 3. e5 Nd5 4. d4 cxd4 5. cxd4 e6 6. Nf3 Nc6 7. Bc4 d6 8. O-O
Be7 9. Qe2 O-O 10. Re1 Qb6 11. Qe4 dxe5 12. dxe5 Bc5 13. Re2 Rd8 14. Bg5 Nde7
15. Bd3 g6 16. Nc3 Rd7 17. a3 Qd8 18. Rd1 b6 19. Red2 Bb7 20. Ba6 Rxd2 21. Rxd2
Qc8 22. Bxb7 Qxb7 23. b4 Nd5 24. Nxd5 exd5 25. Qxd5 Bf8 26. e6 Rc8 27. Rc2 Rc7
28. exf7+ Kg7 29. Nd4 Rd7 30. Qxc6 Qxc6 31. Rxc6 Kxf7 32. Rf6+ Kg8 33. Be3 g5
34. Re6 Bg7 35. Re4 h6 36. g4 a5 37. b5 Bf8 38. a4 Kf7 39. Kg2 Bc5 40. Nc6 Rd5
41. Bxc5 Rxc5 42. Re7+ Kf6 43. Rb7 Rc4 44. h3 Rxa4 45. Rxb6 Ra1 1-0

[Event "Plovdiv BUL, 34th Tringov Mem"]
[Site "Plovdiv BUL"]
[Date "2012.01.30"]
[Round "2.12"]
[White "Tadic, Branko"]
[Black "Asparuhov, Parvan"]
[Result "1-0"]
[WhiteElo "2487"]
[BlackElo "2103"]
[PlyCount "109"]
[EventDate "2012.01.29"]
[EventType "swiss"]
[EventRounds "9"]
[EventCountry "BUL"]

1. Nf3 d5 2. d4 c6 3. c4 Nf6 4. Nc3 a6 5. g3 e6 6. Bg2 Nbd7 7. O-O Be7 8. Qd3
O-O 9. Rd1 b6 10. e4 dxe4 11. Nxe4 Nxe4 12. Qxe4 Bb7 13. Be3 Qc7 14. Bf4 Qd8
15. Rac1 Rc8 16. c5 Nf6 17. Qe1 b5 18. Ne5 Nd5 19. Bd2 Bf6 20. Ng4 Qe7 21. Ba5
Rfe8 22. Rc2 g6 23. Nxf6+ Qxf6 24. Re2 h6 25. Re5 Kg7 26. Rd3 Qe7 27. Rd2 Qd7
28. Rde2 Re7 29. h4 Rce8 30. Bh3 Bc8 31. Qc1 b4 32. a3 Qb7 33. axb4 Nxb4 34.
Qc4 Nd5 35. Bd2 Rh8 36. Qc1 h5 37. Bg2 Qb5 38. Re1 Rb7 39. R5e2 Re7 40. Bxd5
cxd5 41. Bf4 Bd7 42. Bd6 Ree8 43. Rc2 Rc8 44. Qf4 Rh7 45. Be5+ Kg8 46. Bf6 Qc6
47. Rc3 Qc7 48. Qxc7 Rxc7 49. c6 Be8 50. Ra1 g5 51. hxg5 h4 52. Rxa6 hxg3 53.
fxg3 Rc8 54. c7 Rh5 55. Rb6 1-0

[Event "Plovdiv BUL, 34th Tringov Mem"]
[Site "Plovdiv BUL"]
[Date "2012.01.30"]
[Round "2.13"]
[White "Ljangov, Petar"]
[Black "Popchev, Milko"]
[Result "0-1"]
[WhiteElo "2105"]
[BlackElo "2463"]
[PlyCount "134"]
[EventDate "2012.01.29"]
[EventType "swiss"]
[EventRounds "9"]
[EventCountry "BUL"]

1. Nf3 d5 2. d4 c6 3. e3 Bg4 4. Be2 Nd7 5. Nbd2 e6 6. O-O Bd6 7. b3 f5 8. Bb2
Qf6 9. Ne5 Bxe2 10. Qxe2 Nxe5 11. dxe5 Bxe5 12. Bxe5 Qxe5 13. Nf3 Qf6 14. c4
Ne7 15. cxd5 Nxd5 16. Qc4 O-O 17. Qd4 Qxd4 18. Nxd4 Rae8 19. Rfe1 e5 20. Nxf5
Rxf5 21. e4 Rf6 22. exd5 cxd5 23. Rad1 Rd6 24. f3 Kf7 25. Re2 Re7 26. Kf2 Kf6
27. Red2 Ke6 28. Re1 d4 29. f4 Kd5 30. fxe5 Rde6 31. Red1 Rf7+ 32. Kg1 Rf4 33.
g3 Re4 34. Rf1 Re7 35. Rf8 Rd7 36. Kf2 Rxe5 37. Rf4 Re4 38. Rf5+ Ke6 39. Rf8
Ke7 40. Rh8 h6 41. Re2 Re6 42. Re8+ Kxe8 43. Rxe6+ Kf7 44. Re4 Rd6 45. Ke2 Ra6
46. Rxd4 Rxa2+ 47. Kf3 b5 48. Rd7+ Kf6 49. Rb7 a6 50. Ke4 Rxh2 51. Rb6+ Kg5 52.
Rxa6 Rb2 53. Ra7 g6 54. Ra3 b4 55. Ra5+ Kg4 56. Ra6 g5 57. Rxh6 Rxb3 58. Rb6
Kxg3 59. Kf5 g4 60. Ke4 Rb1 61. Kd3 b3 62. Kc3 Kg2 63. Rg6 g3 64. Rg8 Kf2 65.
Rf8+ Kg1 66. Rf3 g2 67. Rf8 Rf1 0-1

[Event "Plovdiv BUL, 34th Tringov Mem"]
[Site "Plovdiv BUL"]
[Date "2012.01.30"]
[Round "2.14"]
[White "Smith, Bryan G"]
[Black "Nikolov, Jordan"]
[Result "1-0"]
[WhiteElo "2460"]
[BlackElo "2097"]
[PlyCount "61"]
[EventDate "2012.01.29"]
[EventType "swiss"]
[EventRounds "9"]
[EventCountry "BUL"]

1. e4 e5 2. Nf3 Nc6 3. Bb5 f5 4. d3 fxe4 5. dxe4 Nf6 6. O-O Bc5 7. Qd3 d6 8.
Qc4 Qe7 9. b4 Be6 10. Bxc6+ bxc6 11. Qa6 Bb6 12. a4 O-O 13. a5 Bd4 14. c3 Ng4
15. cxd4 Rxf3 16. Nd2 Rc3 17. h3 Nf6 18. Nb1 Rc4 19. Qb7 Qd8 20. dxe5 dxe5 21.
Nd2 Rc2 22. Nf3 Nxe4 23. Ng5 Nxg5 24. Bxg5 Qb8 25. a6 Bd5 26. Rfd1 Qe8 27. Be3
Rb8 28. Qxa7 Rxb4 29. Qxc7 Rbb2 30. a7 Qa8 31. Bb6 1-0

[Event "Plovdiv BUL, 34th Tringov Mem"]
[Site "Plovdiv BUL"]
[Date "2012.01.30"]
[Round "2.15"]
[White "Sirkova, Darena"]
[Black "Bratanov, Zsivko"]
[Result "0-1"]
[WhiteElo "2086"]
[BlackElo "2459"]
[PlyCount "60"]
[EventDate "2012.01.29"]
[EventType "swiss"]
[EventRounds "9"]
[EventCountry "BUL"]

1. Nf3 g6 2. e4 Bg7 3. Bc4 e6 4. O-O Ne7 5. c3 d6 6. d4 Nd7 7. Re1 h6 8. Nbd2
a6 9. Nf1 c5 10. dxc5 Nxc5 11. a4 b6 12. e5 d5 13. Ba2 Bb7 14. h4 Ne4 15. Bf4
Nf5 16. Bg3 Qc7 17. Qe2 g5 18. hxg5 hxg5 19. Bh2 g4 20. N3d2 Bxe5 21. g3 Nxd2
22. Nxd2 Bd6 23. Qxg4 O-O-O 24. Re2 Rdg8 25. Qf3 Nxg3 26. fxg3 Bxg3 27. Kf1
Bxh2 28. Rg2 d4 29. Ne4 Rxg2 30. Qxg2 Qf4+ 0-1

[Event "Plovdiv BUL, 34th Tringov Mem"]
[Site "Plovdiv BUL"]
[Date "2012.01.30"]
[Round "2.16"]
[White "Stanojoski, Zvonko"]
[Black "Ostojic, Nikola M"]
[Result "1-0"]
[WhiteElo "2455"]
[BlackElo "2081"]
[PlyCount "91"]
[EventDate "2012.01.29"]
[EventType "swiss"]
[EventRounds "9"]
[EventCountry "BUL"]

1. e4 c5 2. Nf3 Nc6 3. d4 cxd4 4. Nxd4 Nf6 5. Nc3 e5 6. Ndb5 d6 7. Bg5 a6 8.
Na3 b5 9. Nd5 Be7 10. Bxf6 Bxf6 11. c3 Bg5 12. Nc2 Ne7 13. Ncb4 O-O 14. a4 bxa4
15. Qxa4 Nxd5 16. Nxd5 Bd7 17. Qa3 Qb8 18. h4 Bd8 19. Bc4 Bc6 20. g3 a5 21. O-O
Bxd5 22. Bxd5 Ra7 23. b4 Bb6 24. b5 a4 25. Qb4 Bc5 26. Qc4 a3 27. Kg2 Kh8 28.
Ra2 f6 29. Bc6 Raf7 30. Bd5 Re7 31. Qd3 g6 32. h5 g5 33. h6 Qe8 34. b6 Qg6 35.
Rh1 Bxb6 36. Rxa3 Bc5 37. Ra2 Ree8 38. g4 Rb8 39. Qc2 Qe8 40. Rb2 Qe7 41. Rhb1
Qa7 42. Rb7 Rxb7 43. Rxb7 Qa1 44. Qd3 Qa5 45. Qf3 Qd8 46. Qf5 1-0

[Event "Plovdiv BUL, 34th Tringov Mem"]
[Site "Plovdiv BUL"]
[Date "2012.01.30"]
[Round "2.17"]
[White "Bruno, Fabio"]
[Black "Danov, Lyubomir"]
[Result "1/2-1/2"]
[WhiteElo "2439"]
[BlackElo "2076"]
[PlyCount "101"]
[EventDate "2012.01.29"]
[EventType "swiss"]
[EventRounds "9"]
[EventCountry "BUL"]

1. d4 d5 2. Nf3 Nf6 3. c4 c6 4. e3 g6 5. Nbd2 Bg7 6. b4 O-O 7. Bb2 Nbd7 8. Be2
b6 9. O-O Bb7 10. Qb3 a5 11. a3 Qb8 12. Bc3 axb4 13. axb4 Qc7 14. Rab1 Rfc8 15.
Rfc1 Qd8 16. cxd5 cxd5 17. Bb5 Ne8 18. Ne5 Ndf6 19. Bd3 Nd6 20. b5 Nfe4 21.
Nxe4 dxe4 22. Bf1 e6 23. Bb4 Bd5 24. Qd1 f6 25. Nc6 Qd7 26. Bxd6 Qxd6 27. Ra1
Bf8 28. Rxa8 Rxa8 29. g3 Ra2 30. Qg4 Qa3 31. Qd1 Qb2 32. Qe1 Ba3 33. Rb1 Qd2
34. Qxd2 Rxd2 35. Ra1 Ra2 36. Rxa2 Bxa2 37. Na7 Bb4 38. Nc8 Ba5 39. Nd6 Bd5 40.
Bc4 Kf8 41. f3 Ke7 42. Bxd5 Kxd6 43. Bxe4 e5 44. Kf2 Bc3 45. Ke2 exd4 46. Kd3
Kc5 47. Bc6 Bb2 48. e4 g5 49. f4 gxf4 50. gxf4 Bc1 51. f5 1/2-1/2

[Event "Plovdiv BUL, 34th Tringov Mem"]
[Site "Plovdiv BUL"]
[Date "2012.01.30"]
[Round "2.18"]
[White "Okilj, Tigran"]
[Black "Dimitrov, Radoslav"]
[Result "1-0"]
[WhiteElo "2078"]
[BlackElo "2437"]
[PlyCount "120"]
[EventDate "2012.01.29"]
[EventType "swiss"]
[EventRounds "9"]
[EventCountry "BUL"]

1. d4 Nf6 2. Bg5 e6 3. e4 h6 4. Bxf6 Qxf6 5. Nc3 d6 6. Qd2 c6 7. f4 e5 8. dxe5
dxe5 9. f5 Qg5 10. Qxg5 hxg5 11. O-O-O Nd7 12. Bc4 Bb4 13. Nce2 Nf6 14. Nf3
Nxe4 15. Nxe5 Rf8 16. Rhf1 Nd6 17. Bd3 Rh8 18. h3 Ke7 19. Rf3 Re8 20. a3 Ba5
21. Nc4 Nxc4 22. Bxc4 Bc7 23. Re3+ Kf8 24. Rxe8+ Kxe8 25. g4 b5 26. Bb3 Ke7 27.
Kb1 Be5 28. Ng1 c5 29. Re1 f6 30. Bd5 Rb8 31. Nf3 Kd6 32. Nxe5 fxe5 33. Rd1 Kc7
34. Be4 b4 35. Rd5 bxa3 36. Rxc5+ Kd6 37. Rd5+ Kc7 38. Rc5+ Kd6 39. Rd5+ Kc7
40. b3 Rb4 41. Rxe5 Kd6 42. Rd5+ Ke7 43. Bd3 Bb7 44. Ra5 a6 45. Rxa3 Bg2 46.
Rxa6 Bxh3 47. Re6+ Kf8 48. Re4 Rxe4 49. Bxe4 Bxg4 50. c4 Ke7 51. Kc2 Kd6 52.
Kd3 Ke5 53. c5 Bh3 54. Ke3 Bf1 55. b4 g4 56. Bd3 Bg2 57. b5 Kd5 58. c6 Kd6 59.
Kf4 Bf3 60. Be4 Bxe4 1-0

[Event "Plovdiv BUL, 34th Tringov Mem"]
[Site "Plovdiv BUL"]
[Date "2012.01.30"]
[Round "2.19"]
[White "Bukal, Vladimir Jr"]
[Black "Naydenov, Nayden"]
[Result "1-0"]
[WhiteElo "2434"]
[BlackElo "2065"]
[PlyCount "55"]
[EventDate "2012.01.29"]
[EventType "swiss"]
[EventRounds "9"]
[EventCountry "BUL"]

1. d4 Nf6 2. c4 e5 3. dxe5 Ng4 4. e3 Nxe5 5. Nh3 Bb4+ 6. Bd2 Bxd2+ 7. Qxd2 d6
8. Nf4 Bf5 9. Nc3 O-O 10. Be2 Nbd7 11. O-O Nc5 12. f3 Ne6 13. Nh5 Bg6 14. Ng3
f5 15. f4 Nc6 16. Rab1 Qe8 17. Qd1 Nc5 18. Nd5 Rc8 19. b4 Ne4 20. Nxe4 Qxe4 21.
Bf3 Qe8 22. Qc1 Nd8 23. c5 Nf7 24. c6 bxc6 25. Qxc6 Qe6 26. b5 Nd8 27. Qa6 c6
28. Qxc8 1-0

[Event "Plovdiv BUL, 34th Tringov Mem"]
[Site "Plovdiv BUL"]
[Date "2012.01.30"]
[Round "2.20"]
[White "Manelidou, Maria"]
[Black "Milchev, Nikolay"]
[Result "0-1"]
[WhiteElo "2076"]
[BlackElo "2434"]
[PlyCount "74"]
[EventDate "2012.01.29"]
[EventType "swiss"]
[EventRounds "9"]
[EventCountry "BUL"]

1. e4 Nf6 2. e5 Nd5 3. d4 d6 4. c4 Nb6 5. exd6 exd6 6. Nc3 Be7 7. Bd3 Nc6 8.
Nf3 Bg4 9. Be3 Bf6 10. Be2 O-O 11. b3 Re8 12. O-O d5 13. c5 Nc8 14. h3 Bh5 15.
b4 a6 16. Qb3 Bxd4 17. Nxd4 Nxd4 18. Bxd4 Bxe2 19. Nxe2 Rxe2 20. Be3 Qd7 21.
Rfd1 Ne7 22. a4 Qf5 23. Rac1 Qf6 24. Qd3 Ra2 25. Bd4 Qg6 26. Qb3 Re2 27. Rc3
Qh5 28. g4 Qh6 29. Rg3 Re6 30. Be3 Qg6 31. h4 Re4 32. f3 Rc4 33. Bg5 Qe6 34.
Bxe7 Qxe7 35. Rxd5 Qe1+ 36. Kg2 Rc1 37. f4 Qe2+ 0-1

[Event "Plovdiv BUL, 34th Tringov Mem"]
[Site "Plovdiv BUL"]
[Date "2012.01.30"]
[Round "2.21"]
[White "Enchev, Ivajlo"]
[Black "Papakonstantinou, Dimitrios"]
[Result "1-0"]
[WhiteElo "2430"]
[BlackElo "2060"]
[PlyCount "129"]
[EventDate "2012.01.29"]
[EventType "swiss"]
[EventRounds "9"]
[EventCountry "BUL"]

1. c4 Nf6 2. Nc3 g6 3. e4 d6 4. d4 Bg7 5. Nf3 O-O 6. Be2 e5 7. O-O Nc6 8. d5
Ne7 9. Ne1 Nd7 10. f3 f5 11. g4 Nf6 12. Be3 c6 13. Nd3 cxd5 14. cxd5 h6 15. h4
Kh8 16. Nf2 Nh7 17. Kg2 Ng8 18. Rh1 f4 19. Bd2 Bf6 20. h5 gxh5 21. Rxh5 Bh4 22.
Qb3 Kg7 23. Nb5 Bxf2 24. Kxf2 Ngf6 25. Rh2 Ng5 26. Nc3 h5 27. gxh5 Nh3+ 28. Ke1
Nxh5 29. Kd1 Ng3 30. Kc2 Ng5 31. Re1 a6 32. Bd1 b5 33. Ne2 Nxe2 34. Bxe2 Rh8
35. Rxh8 Qxh8 36. Rg1 Qd8 37. Kb1 Kf8 38. Bb4 Nf7 39. Rg6 a5 40. Be1 Bd7 41.
Bxb5 Rb8 42. a4 Qb6 43. Ka2 Qc5 44. Qa3 Bxb5 45. Qxc5 dxc5 46. axb5 Rxb5 47.
Ka3 Ke7 48. Bc3 Nd6 49. Ka4 Rb8 50. Re6+ Kd7 51. Bxe5 Rb4+ 52. Ka3 Nc4+ 53. Ka2
Nd2 54. b3 Nxf3 55. Bc3 Rb8 56. Rf6 Nd4 57. Rf7+ Kd6 58. Rf6+ Kd7 59. Rxf4 Nxb3
60. Rf1 c4 61. e5 Rg8 62. Rf7+ Ke8 63. e6 Rg2+ 64. Ka3 Re2 65. Rc7 1-0

[Event "Plovdiv BUL, 34th Tringov Mem"]
[Site "Plovdiv BUL"]
[Date "2012.01.30"]
[Round "2.22"]
[White "Petkov, Hristo"]
[Black "Ristic, Nenad"]
[Result "0-1"]
[WhiteElo "2065"]
[BlackElo "2427"]
[PlyCount "90"]
[EventDate "2012.01.29"]
[EventType "swiss"]
[EventRounds "9"]
[EventCountry "BUL"]

1. e4 c5 2. Nf3 e6 3. d4 cxd4 4. Nxd4 Nc6 5. Nb5 d6 6. c4 a6 7. Nd4 Qb6 8. Nb3
Nf6 9. Nc3 Qc7 10. f4 Be7 11. Be3 O-O 12. Be2 b6 13. O-O Bb7 14. Rc1 Nb8 15.
Bf3 Nbd7 16. Re1 Rac8 17. Kh1 Rfd8 18. Bf2 Bf8 19. Nd2 Nc5 20. Qe2 d5 21. cxd5
Qxf4 22. b4 Ncd7 23. Be3 Qh4 24. g3 Qh3 25. Bg2 Qg4 26. Bf3 Qg6 27. Bg2 exd5
28. Nxd5 Nxd5 29. exd5 Bxb4 30. Rb1 a5 31. Be4 f5 32. Bf3 Ne5 33. Bg2 Ng4 34.
Bf4 Qf7 35. Red1 Bxd5 36. Nf3 Be4 37. Rbc1 Bc5 38. Rxd8+ Rxd8 39. Ng5 Bxg2+ 40.
Kxg2 Qd7 41. Nf3 h6 42. h3 Nf6 43. Rc2 Ne4 44. h4 g5 45. hxg5 hxg5 {...} 0-1

[Event "Plovdiv BUL, 34th Tringov Mem"]
[Site "Plovdiv BUL"]
[Date "2012.01.30"]
[Round "2.23"]
[White "Indjic, Aleksandar"]
[Black "Velev, Josif"]
[Result "1-0"]
[WhiteElo "2427"]
[BlackElo "2050"]
[PlyCount "51"]
[EventDate "2012.01.29"]
[EventType "swiss"]
[EventRounds "9"]
[EventCountry "BUL"]

1. d4 d5 2. c4 c6 3. Nc3 Nf6 4. Nf3 e6 5. Bg5 Nbd7 6. e3 h6 7. Bh4 Be7 8. Qc2
O-O 9. Be2 Re8 10. O-O a6 11. h3 dxc4 12. a4 Nd5 13. Bg3 Nxc3 14. Qxc3 b5 15.
b3 Nb6 16. bxc4 Nxa4 17. Qc2 Bd7 18. c5 Qa5 19. Rfc1 Ra7 20. Ne5 Bf6 21. Bf3
Rc8 22. Nxf7 Kxf7 23. Qh7 Ke7 24. Bd6+ Kd8 25. Bh5 g6 26. Qxg6 1-0

[Event "Plovdiv BUL, 34th Tringov Mem"]
[Site "Plovdiv BUL"]
[Date "2012.01.30"]
[Round "2.24"]
[White "Mourelatos, Ilias"]
[Black "Georgiev, Krum"]
[Result "0-1"]
[WhiteElo "2054"]
[BlackElo "2424"]
[PlyCount "94"]
[EventDate "2012.01.29"]
[EventType "swiss"]
[EventRounds "9"]
[EventCountry "BUL"]

1. e4 c5 2. Nf3 d6 3. d4 Nf6 4. Nc3 cxd4 5. Nxd4 a6 6. Be3 e6 7. f3 b5 8. g4
Be7 9. Qd2 Bb7 10. O-O-O Nc6 11. Nxc6 Bxc6 12. Ne2 Rc8 13. Nd4 Bb7 14. Bd3 Nd7
15. Kb1 O-O 16. h4 d5 17. g5 dxe4 18. Bxe4 Bxe4 19. fxe4 Nc5 20. Qg2 Qc7 21.
Nb3 Qe5 22. Rhe1 Qxe4 23. Qxe4 Nxe4 24. Rd7 Rfe8 25. Bf4 Rc4 26. Red1 h6 27.
Na5 Nc3+ 28. bxc3 Rxf4 29. Nc6 Bc5 30. Ne5 hxg5 31. hxg5 g6 32. Rd8 Rxd8 33.
Rxd8+ Kg7 34. Kb2 Rf5 35. Nd3 Be7 36. Ra8 Bxg5 37. Rxa6 Be3 38. a4 bxa4 39. c4
e5 40. Rxa4 e4 41. Nb4 Bc5 42. Kc3 g5 43. Nd5 g4 44. Ra5 Bf2 45. Ra8 g3 46. Ne7
Re5 47. Rg8+ Kh7 0-1

[Event "Plovdiv BUL, 34th Tringov Mem"]
[Site "Plovdiv BUL"]
[Date "2012.01.30"]
[Round "2.25"]
[White "Kolev, Atanas Tonchev"]
[Black "Arsovic, Goran"]
[Result "0-1"]
[WhiteElo "2049"]
[BlackElo "2422"]
[PlyCount "78"]
[EventDate "2012.01.29"]
[EventType "swiss"]
[EventRounds "9"]
[EventCountry "BUL"]

1. d4 Nf6 2. Nf3 g6 3. c4 Bg7 4. Nc3 d6 5. h3 O-O 6. e4 e5 7. d5 Na6 8. Be3 Nh5
9. Nh2 Qe8 10. Be2 Nf4 11. Bf3 f5 12. g3 Nb4 13. gxf4 fxe4 14. Nxe4 exf4 15.
Bc1 Bf5 16. Qe2 Qa4 17. O-O Rae8 18. Re1 Nc2 19. b3 Qa5 20. Bd2 Qa6 21. Rac1
Nxe1 22. Rxe1 Qxa2 23. Ng4 Bxe4 24. Bxe4 Rxe4 25. Qxe4 Qxd2 26. Qe6+ Kh8 27.
Qe7 Qc3 28. Kg2 h5 29. Nh2 f3+ 30. Kh1 Qd2 31. Rg1 Qxf2 32. Rxg6 Qb2 33. Rg5
Qa1+ 34. Rg1 Qe5 35. Qh4 f2 36. Rf1 Rf4 37. Ng4 Rxg4 38. hxg4 Qe4+ 39. Kh2 Be5+
0-1

[Event "Plovdiv BUL, 34th Tringov Mem"]
[Site "Plovdiv BUL"]
[Date "2012.01.31"]
[Round "3.1"]
[White "Cheparinov, Ivan"]
[Black "Piscopo, Pierluigi"]
[Result "1-0"]
[WhiteElo "2659"]
[BlackElo "2386"]
[PlyCount "81"]
[EventDate "2012.01.29"]
[EventType "swiss"]
[EventRounds "9"]
[EventCountry "BUL"]

1. Nf3 Nf6 2. c4 g6 3. Nc3 Bg7 4. e4 O-O 5. d4 d6 6. Be2 e5 7. O-O Nc6 8. d5
Nb8 9. Ne1 Nfd7 10. Nd3 f5 11. Bd2 Nf6 12. f3 f4 13. c5 h5 14. Rc1 g5 15. Nb5
Na6 16. Qc2 Rf7 17. Ba5 b6 18. cxd6 cxd6 19. Be1 Bf8 20. Qa4 g4 21. Rc6 gxf3
22. Bxf3 Ng4 23. Bf2 Nc5 24. Nxc5 bxc5 25. b4 Bd7 26. bxc5 Bxc6 27. dxc6 Nxf2
28. Kxf2 d5 29. exd5 Bxc5+ 30. Ke2 a6 31. Nc3 Rb8 32. Rd1 Rb4 33. Qc2 Ba7 34.
Rb1 Rc4 35. Qg6+ Rg7 36. Qe6+ Kf8 37. Kd3 Rd4+ 38. Kc2 Qe8 39. Qf6+ Kg8 40. d6
e4 41. d7 1-0

[Event "Plovdiv BUL, 34th Tringov Mem"]
[Site "Plovdiv BUL"]
[Date "2012.01.31"]
[Round "3.2"]
[White "Mrdja, Milan"]
[Black "Georgiev, Kiril"]
[Result "0-1"]
[WhiteElo "2389"]
[BlackElo "2658"]
[PlyCount "64"]
[EventDate "2012.01.29"]
[EventType "swiss"]
[EventRounds "9"]
[EventCountry "BUL"]

1. e4 c5 2. Nf3 g6 3. Bc4 Bg7 4. O-O d6 5. Re1 Nf6 6. d3 O-O 7. h3 Nc6 8. Bb5
Bd7 9. c4 a6 10. Bxc6 Bxc6 11. Nc3 b5 12. Bg5 h6 13. Bd2 Nd7 14. Qc1 Kh7 15.
Nd5 bxc4 16. dxc4 e6 17. Nf4 Ne5 18. Bc3 Nxf3+ 19. gxf3 Bxc3 20. Qxc3 Qh4 21.
Ng2 Qxh3 22. Rad1 Rad8 23. Qf6 Qh5 24. Rd2 Qe5 25. Qh4 Rd7 26. f4 Qg7 27. f3 f5
28. exf5 gxf5 29. Rxe6 Bxf3 30. Kh2 Rg8 31. Qf6 Qg3+ 32. Kg1 Qh3 0-1

[Event "Plovdiv BUL, 34th Tringov Mem"]
[Site "Plovdiv BUL"]
[Date "2012.01.31"]
[Round "3.3"]
[White "Spasov, Vasil"]
[Black "Marholev, Dimitar"]
[Result "1-0"]
[WhiteElo "2570"]
[BlackElo "2370"]
[PlyCount "75"]
[EventDate "2012.01.29"]
[EventType "swiss"]
[EventRounds "9"]
[EventCountry "BUL"]

1. e4 e5 2. Nf3 Nc6 3. Bc4 Nf6 4. d3 h6 5. O-O Be7 6. Re1 d6 7. c3 O-O 8. Nbd2
Na5 9. Bb5 a6 10. Ba4 b5 11. Bc2 c5 12. Nf1 Re8 13. h3 Bf8 14. Ng3 g6 15. d4
cxd4 16. cxd4 Bb7 17. d5 Nc4 18. b3 Nb6 19. Be3 Bg7 20. Qd2 Kh7 21. Rec1 Bc8
22. Qa5 Nbd7 23. Qxd8 Rxd8 24. a4 b4 25. Nd2 a5 26. Bd3 h5 27. Ngf1 Bh6 28. Bb5
Bxe3 29. Nxe3 Nc5 30. f3 h4 31. Nec4 Nd3 32. Nb6 Nxc1 33. Nxa8 Bd7 34. Nb6 Bxb5
35. Rxc1 Bd3 36. Rc7 Kg8 37. Kf2 Nh5 38. Rc8 1-0

[Event "Plovdiv BUL, 34th Tringov Mem"]
[Site "Plovdiv BUL"]
[Date "2012.01.31"]
[Round "3.4"]
[White "Nikolov, Momchil"]
[Black "Pavlidis, Anastasios"]
[Result "1-0"]
[WhiteElo "2560"]
[BlackElo "2359"]
[PlyCount "109"]
[EventDate "2012.01.29"]
[EventType "swiss"]
[EventRounds "9"]
[EventCountry "BUL"]

1. c4 Nf6 2. d4 c6 3. Bf4 d5 4. e3 e6 5. Nf3 Be7 6. Nc3 O-O 7. Rc1 Nbd7 8. h3
Re8 9. a3 Nf8 10. Bd3 Ng6 11. Bh2 Bd6 12. Bxd6 Qxd6 13. O-O dxc4 14. Bxc4 e5
15. Qb3 Re7 16. Rfd1 exd4 17. Rxd4 Qc7 18. Nb5 Qb6 19. Nd6 Qxb3 20. Bxb3 Be6
21. Bxe6 fxe6 22. Rb4 Rd7 23. Nxb7 a5 24. Rb3 a4 25. Rb4 Nd5 26. Nc5 Nxb4 27.
Nxd7 Nd3 28. Rc2 c5 29. Kf1 e5 30. Ke2 e4 31. Nd2 Nh4 32. Nxe4 Nxg2 33. Nexc5
Rc8 34. Kxd3 Ne1+ 35. Kd2 Nxc2 36. Kxc2 g5 37. b4 axb3+ 38. Kxb3 h5 39. Ne4 g4
40. h4 Kg7 41. a4 Rc7 42. Ndf6 Kg6 43. Nd5 Rb7+ 44. Kc3 Rb1 45. Nf4+ Kh6 46.
Ng3 Ra1 47. Kb3 Rb1+ 48. Kc4 Rb2 49. a5 Rxf2 50. Nfe2 Rf3 51. a6 Rf8 52. Kb5
Rb8+ 53. Kc6 Rb2 54. Nc3 Rb3 55. Nb5 1-0

[Event "Plovdiv BUL, 34th Tringov Mem"]
[Site "Plovdiv BUL"]
[Date "2012.01.31"]
[Round "3.6"]
[White "Petkov, Vladimir"]
[Black "Dimitrov, Pavel"]
[Result "1-0"]
[WhiteElo "2519"]
[BlackElo "2343"]
[PlyCount "81"]
[EventDate "2012.01.29"]
[EventType "swiss"]
[EventRounds "9"]
[EventCountry "BUL"]

1. d4 Nf6 2. Nf3 c5 3. d5 e6 4. c4 b5 5. Bg5 bxc4 6. Nc3 d6 7. e4 e5 8. Bxc4
Be7 9. Nxe5 dxe5 10. d6 Qxd6 11. Qxd6 Bxd6 12. O-O-O O-O 13. Bxf6 Nd7 14. Bxg7
Kxg7 15. Rxd6 Nb6 16. Be2 Be6 17. Rhd1 Rab8 18. g3 Rfe8 19. f4 f6 20. Rc6 Rbc8
21. Rdd6 Rxc6 22. Rxc6 Re7 23. fxe5 fxe5 24. Rxc5 Bf7 25. b3 Kf6 26. Rc6+ Kg7
27. Bg4 Bg6 28. Kd2 Rf7 29. Ke3 Kf8 30. Rc5 Rf1 31. Rxe5 Re1+ 32. Kd2 Rh1 33.
h4 Rg1 34. Ne2 Rb1 35. Ke3 Rf1 36. Ra5 Re1 37. Rxa7 Rd1 38. Rb7 Rd6 39. Nd4 Bf7
40. Rb8+ Be8 41. Bh5 1-0